Ultimate Mercury-Redstone Quiz - Statistics

General Stats
  • This quiz has been taken 7 times
  • The average score is 4 of 11
Answer Stats
Hint Answer % Correct
Number of stages 1
100%
Total Launched Mercury-Redstone's 6
67%
Engine used A-7
50%
Name of mission that carried Shepard Freedom 7
50%
Associated Program: Mercury
50%
Oxidizer used Liquid Oxygen
33%
Manufacturer of the Mercury-Redstone Rocket Chrysler Corporation
17%
Specific Impulse of Mercury-Redstone 215s
0%
Fuel/Oxidizer Ratio 75/25
0%
Fuel used Ethyl Alcohol
0%
Name of device used to steer engine thrust Vanes
0%
No matching quizzes found
Score Distribution
Percent of People with Each Score
Percentile by Number Answered
Your Score History
You have not taken this quiz